000 00301nam a22001217a 4500
008 170615b xxu||||| |||| 00| 0 eng d
041 _aeng
080 _23RD
_a328
100 _a19
101 _aSHP
245 _aIDEOLOGY, POLITICS, AND GOVERNMENT IN THE SOVIET UNION
_cARMSTRON,J.A
942 _2udc
_cBK
999 _c17472
_d17472